000 00439nam a2200169Ia 4500
005 20250417140255.0
008 231217s9999 xx 000 0 und d
020 _a9789144030869
082 _a001.53 PED;1 R
100 _aPedrycz, Witold .
245 0 _aFuzzy control and fuzzy systems
250 _a2nd ed.
260 _c2008
_bOverseas Press
_aNew Delhi
300 _axviii, 350
650 _aFuzzy,control,fuzzy
942 _cAA
999 _c188467
_d188467